[Event "World Amateur-ch"]
[Site "Iasi"]
[Date "2013.04.28"]
[Round "7"]
[White "Sabou, Vasile"]
[Black "Chisacov, Marin"]
[Result "1-0"]
[WhiteElo "1971"]
[BlackElo "1883"]
[PlyCount "35"]
[EventDate "2013.04.22"]
[EventType "swiss"]
[EventRounds "9"]
[EventCountry "ROU"]
[SourceTitle "CBM 154 Extra"]
[Source "ChessBase"]
[SourceDate "2013.06.25"]
[SourceVersion "2"]
[SourceVersionDate "2013.06.25"]
[SourceQuality "1"]

1. e4 e5 2. Nf3 d6 3. Bc4 Be7 4. d4 Nd7 5. dxe5 dxe5 6. Qd5 Bb4+ 7. c3 Qe7 8. cxb4 Ngf6 9. Qd3 Qxb4+ 10. Qc3 Qd6 11. Nbd2 b6 12. 0-0 Bb7 13. Rd1 0-0 14. Bb3 b5 15. Bc2 c5 16. h3 a5 17. b3 Rfe8 18. Nf1 1-0

[Event "World Amateur-ch"]
[Site "Iasi"]
[Date "2013.04.26"]
[Round "5"]
[White "Sabou, Vasile"]
[Black "Calin, Alexandru"]
[Result "0-1"]
[WhiteElo "1971"]
[BlackElo "1788"]
[PlyCount "271"]
[EventDate "2013.04.22"]
[EventType "swiss"]
[EventRounds "9"]
[EventCountry "ROU"]
[SourceTitle "CBM 154 Extra"]
[Source "ChessBase"]
[SourceDate "2013.06.25"]
[SourceVersion "2"]
[SourceVersionDate "2013.06.25"]
[SourceQuality "1"]

1. e4 e5 2. Nf3 d6 3. Bc4 Be7 4. d4 Nf6 5. dxe5 Nxe4 6. 0-0 0-0 7. Re1 Nc5 8. Nc3 c6 9. exd6 Bxd6 10. Bg5 Qc7 11. h3 Bf5 12. Qd2 b5 13. Bxb5 h6 14. Be3 Rd8 15. Bd3 Bxd3 16. Bxc5 Bxc5 17. cxd3 Na6 18. a3 Bd4 19. Re4 Bf6 20. d4 Nc5 21. Qe3 Nxe4 22. Nxe4 Be7 23. b4 a5 24. Rb1 axb4 25. axb4 Rdb8 26. Nc5 Bxc5 27. dxc5 Ra4 28. Qb3 Qa7 29. Qc3 Ra3 30. Qc4 Ra1 31. Rxa1 Qxa1+ 32. Kh2 Qb2 33. Qe4 Qxb4 34. Qxc6 Qf4+ 35. g3 Qf5 36. Kg2 Rc8 37. Nd4 Qxc5 38. Qxc5 Rxc5 39. h4 f6 40. Ne6 Ra5 41. Nf4 Kf7 42. h5 Ra4 43. Kf3 f5 44. Kg2 Kf6 45. Nh3 Ke5 46. Ng1 Kf6 47. Nh3 Ra1 48. Kh2 Ke5 49. Nf4 Ra4 50. Ng6+ Kf6 51. f4 Ke6 52. Kg2 Kd5 53. Ne7+ Ke4 54. Ng6 Ke3 55. Ne5 Ra5 56. Kf1 Rc5 57. Kg2 Ke4 58. Kh2 Rc2+ 59. Kh3 Rf2 60. Ng6 Ra2 61. Nh4 Rb2 62. Ng6 Rf2 63. Nh4 Rf1 64. Kg2 Ra1 65. Ng6 Ra2+ 66. Kh3 Ra6 67. Nh4 Rc6 68. Kg2 Rf6 69. Kf2 Kd5 70. Kf3 Ke6 71. Ke3 Rf8 72. Kf3 Ra8 73. Kg2 Kf6 74. Ng6 Ra6 75. Kf3 Re6 76. Kf2 Kf7 77. Nh4 Rf6 78. Kf3 Ke6 79. Ke3 Rf8 80. Kf3 Ra8 81. Kg2 Ra3 82. Ng6 Kd5 83. Nh4 Ke4 84. Kf2 Ra2+ 85. Kg1 Rb2 86. Kh1 Ra2 87. Kg1 Rb2 88. Kh1 Ke3 89. Kg1 Ke4 90. Kh1 Rf2 91. Kg1 Rf3 92. Kg2 Ra3 93. Ng6 Ra6 94. Nh4 Ra2+ 95. Kg1 Ke3 96. Ng6 Kd3 97. Nh4 Ra5 98. Kg2 Ke4 99. Kh2 Ra6 100. Kg2 Ra2+ 101. Kh3 Rf2 102. Ng6 Rf1 103. Nh4 Ra1 104. Ng6 Ra2 105. Nh4 Ra1 106. Kg2 Ra3 107. Ng6 Ke3 108. Nh4 Ra5 109. Kg1 Ra2 110. Kh1 Rf2 111. Kg1 Ra2 112. Kh1 Kf2 113. Kh2 Ra5 114. Ng2 Kf3 115. Kh3 Kf2 116. Nh4 Kg1 117. Nf3+ Kh1 118. Nh4 Rb5 119. Nf3 Rb2 120. g4 Rb3 121. Kg3 fxg4 122. Kxg4 Kg2 123. Nh4+ Kf2 124. Nf5 Rb7 125. Nd6 Rd7 126. Nc4 Rc7 127. Ne5 Ke3 128. Kf5 Rb7 129. Ng6 Rb5+ 130. Kg4 Ke4 131. Ne7 Rb1 132. Nf5 Rg1+ 133. Ng3+ Ke3 134. f5 Kf2 135. f6 Rxg3+ 136. Kh4 0-1